Prices in the transition ten stylized facts

Gespeichert in:
Bibliographische Detailangaben
1. Verfasser: Koen, Vincent
Weitere Verfasser: Masi, Paula de
Format: Buch
Sprache:Englisch
Veröffentlicht: Washington International Monetary Fund 1997
Schriftenreihe:IMF working paper WP/97/158
Schlagworte:
Tags: Tag hinzufügen
Keine Tags, Fügen Sie das erste Tag hinzu!

MARC

LEADER 00000nam a2200000 4500
001 c100747
005 20221124074856.1
041 0 |a eng 
044 |a US 
245 1 0 |a Prices in the transition  |b ten stylized facts  |c Prepared by Vincent Koen and Paula de Masi 
264 1 |a Washington  |b International Monetary Fund  |c 1997 
300 |a 31 s. 
490 1 |a IMF working paper  |v WP/97/158 
830 0 |a IMF working paper  |v WP/97/158 
610 2 0 |a ceny 
610 2 0 |a obdobie prechodné 
610 2 0 |a transformácia 
610 2 0 |a liberalizácia 
610 2 0 |a inflácia 
610 2 0 |a stredná Európa 
610 2 0 |a východná Európa 
610 2 0 |a Rusko 
610 2 0 |a politika cenová 
100 1 |a Koen, Vincent 
700 1 |a Masi, Paula de